[Event "18th HZ Open 2014"]
[Site "Vlissingen NED"]
[Date "2014.08.08"]
[Round "8.38"]
[White "Bodicker, R."]
[Black "Roos, Ad"]
[Result "0-1"]
[WhiteElo "1999"]
[BlackElo "2211"]
[PlyCount "68"]
[EventDate "2014.08.02"]
[EventType "swiss"]
[EventRounds "9"]
[EventCountry "NED"]
[Source "Mark Crowther"]
[SourceDate "2014.08.11"]

1. d4 Nf6 2. c4 e6 3. Nf3 b6 4. e3 Bb7 5. Bd3 c5 6. O-O Be7 7. Nc3 cxd4 8. exd4
d5 9. cxd5 Nxd5 10. Ne5 O-O 11. Re1 Nd7 12. Nxd5 Bxd5 13. Nxd7 Qxd7 14. Bf4
Rfd8 15. Be5 Bf8 16. h4 Rac8 17. Qg4 Bc4 18. Re3 Qe7 19. Bxc4 Rxc4 20. b3 Rc2
21. Rf3 Kh8 22. Re1 f5 23. Qf4 Qb4 24. Rd1 Re2 25. Rg3 Rd7 26. h5 Kg8 27. Rc1
Re1+ 28. Rxe1 Qxe1+ 29. Kh2 Qe2 30. f3 Qxa2 31. h6 g6 32. Rxg6+ hxg6 33. Qg5
Bxh6 34. Qxh6 Rh7 0-1

[Event "18th HZ Open 2014"]
[Site "Vlissingen NED"]
[Date "2014.08.08"]
[Round "8.39"]
[White "Van Osch, Mees"]
[Black "Dijkstra, A."]
[Result "1-0"]
[WhiteElo "2200"]
[BlackElo "1984"]
[PlyCount "79"]
[EventDate "2014.08.02"]
[EventType "swiss"]
[EventRounds "9"]
[EventCountry "NED"]
[Source "Mark Crowther"]
[SourceDate "2014.08.11"]

1. e4 c6 2. d4 d5 3. Nc3 dxe4 4. Nxe4 Bf5 5. Ng3 Bg6 6. Nh3 Nf6 7. Nf4 Nbd7 8.
Bc4 e5 9. Nxg6 hxg6 10. O-O Be7 11. Re1 Nb6 12. dxe5 Qxd1 13. Rxd1 Nxc4 14.
exf6 Bxf6 15. Ne4 Be5 16. f4 Bc7 17. b3 Bb6+ 18. Kh1 Ne3 19. Bxe3 Bxe3 20. Nd6+
Kf8 21. g3 b6 22. Nc4 Bc5 23. Ne5 Re8 24. Rd7 Re7 25. Rad1 Rh5 26. Nxc6 Re8 27.
Rd8 f6 28. b4 Be3 29. Rxe8+ Kxe8 30. Re1 Kd7 31. Nxa7 Bf2 32. Rd1+ Kc7 33. Kg2
Be3 34. Kf3 Bg1 35. h4 Kb7 36. Rd7+ Ka6 37. c4 b5 38. cxb5+ Kb6 39. a4 Bh2 40.
a5# 1-0

[Event "18th HZ Open 2014"]
[Site "Vlissingen NED"]
[Date "2014.08.08"]
[Round "8.40"]
[White "Goormachtigh, J."]
[Black "Van de Griend, J."]
[Result "1-0"]
[WhiteElo "2176"]
[BlackElo "1968"]
[PlyCount "63"]
[EventDate "2014.08.02"]
[EventType "swiss"]
[EventRounds "9"]
[EventCountry "NED"]
[Source "Mark Crowther"]
[SourceDate "2014.08.11"]

1. d4 d5 2. c4 c6 3. Nf3 Nf6 4. Nc3 e6 5. e3 Nbd7 6. Bd3 dxc4 7. Bxc4 b5 8. Bd3
Bd6 9. O-O O-O 10. e4 e5 11. Ne2 a6 12. b3 Bb7 13. Bb2 exd4 14. Nfxd4 c5 15.
Nf5 Be5 16. Qb1 Re8 17. f3 Qb6 18. Kh1 Bxb2 19. Qxb2 Ne5 20. Rad1 Rad8 21. Bc2
c4 22. Rxd8 Qxd8 23. Rd1 Qc7 24. Qd4 g6 25. Nd6 Re7 26. f4 Ned7 27. e5 Nh5 28.
bxc4 bxc4 29. Nc3 Nb6 30. Rb1 Bxg2+ 31. Kxg2 Qd7 32. Bd1 1-0

[Event "18th HZ Open 2014"]
[Site "Vlissingen NED"]
[Date "2014.08.08"]
[Round "8.41"]
[White "Den Hartog, Marijn"]
[Black "Vanhuyse, Nele"]
[Result "1-0"]
[WhiteElo "2102"]
[BlackElo "1949"]
[PlyCount "145"]
[EventDate "2014.08.02"]
[EventType "swiss"]
[EventRounds "9"]
[EventCountry "NED"]
[Source "Mark Crowther"]
[SourceDate "2014.08.11"]

1. e4 c5 2. Nf3 e6 3. d4 cxd4 4. Nxd4 Nc6 5. Nc3 Qc7 6. g3 a6 7. Bg2 Nf6 8. O-O
Nxd4 9. Qxd4 Bc5 10. Bf4 d6 11. Qd3 Nd7 12. Rad1 Ne5 13. Bxe5 dxe5 14. Na4 Be7
15. c4 b6 16. h4 Rb8 17. a3 O-O 18. b4 a5 19. Rb1 Rd8 20. Qc3 axb4 21. axb4 Ra8
22. Ra1 Bd7 23. Nb2 f6 24. Rfd1 Rxa1 25. Rxa1 Qd6 26. Nd3 Be8 27. Ra7 Bf8 28.
Ra3 Rc8 29. c5 bxc5 30. Nxc5 Qb6 31. Ra5 Bb5 32. Bh3 Bxc5 33. bxc5 Rxc5 34.
Bxe6+ Kf8 35. Qb4 Ke8 36. Kh2 Qxe6 37. Qxc5 Bf1 38. Ra8+ Kf7 39. Qc8 Qxc8 40.
Rxc8 Kg6 41. Rc7 h5 42. Kg1 Bd3 43. f3 Kh6 44. Rf7 Kg6 45. Rf8 f5 46. exf5+
Bxf5 47. Kf2 e4 48. f4 Bg4 49. Ke3 Bf3 50. f5+ Kh7 51. Re8 Bg2 52. Rxe4 Kg8 53.
Re7 Kf8 54. Ra7 Bh3 55. Kf4 Bg4 56. Kg5 Kg8 57. f6 gxf6+ 58. Kxf6 Bf3 59. Kg6
Kf8 60. Ra5 Kg8 61. Rxh5 Bxh5+ 62. Kxh5 Kh7 63. g4 Kg7 64. g5 Kh7 65. g6+ Kg7
66. Kg5 Kg8 67. h5 Kh8 68. h6 Kg8 69. h7+ Kh8 70. Kh5 Kg7 71. h8=Q+ Kxh8 72.
Kh6 Kg8 73. g7 1-0

[Event "18th HZ Open 2014"]
[Site "Vlissingen NED"]
[Date "2014.08.08"]
[Round "8.42"]
[White "Senders, Justin"]
[Black "Ducarmon, R."]
[Result "1/2-1/2"]
[WhiteElo "1994"]
[BlackElo "2099"]
[PlyCount "87"]
[EventDate "2014.08.02"]
[EventType "swiss"]
[EventRounds "9"]
[EventCountry "NED"]
[Source "Mark Crowther"]
[SourceDate "2014.08.11"]

1. e4 c5 2. Nf3 d6 3. d4 cxd4 4. Nxd4 Nf6 5. Nc3 e6 6. g4 h6 7. Rg1 Nc6 8. h4
d5 9. exd5 Nxd5 10. Nxd5 Qxd5 11. Bg2 Qe5+ 12. Be3 Bd7 13. Nxc6 Bxc6 14. Bxc6+
bxc6 15. Qd4 Qxd4 16. Bxd4 c5 17. Bc3 O-O-O 18. Ke2 Rg8 19. f4 Rd5 20. Rad1 Be7
21. h5 g6 22. hxg6 Rxg6 23. Rxd5 exd5 24. f5 Rg8 25. Kf3 Bg5 26. Rg2 Kd7 27.
Bd2 Re8 28. Rh2 Kd6 29. Bf4+ Bxf4 30. Kxf4 Re4+ 31. Kf3 Ke5 32. Rxh6 d4 33. Rh7
Re3+ 34. Kf2 Kf4 35. Rxf7 Kxg4 36. Rxa7 Kxf5 37. Rc7 Re5 38. Rc8 Kf6 39. Rc6+
Ke7 40. Rh6 Kd7 41. Rh1 Kc6 42. Re1 Rh5 43. Re2 Rh1 44. Kf3 1/2-1/2

[Event "18th HZ Open 2014"]
[Site "Vlissingen NED"]
[Date "2014.08.08"]
[Round "8.43"]
[White "Westerweele, H."]
[Black "Sekandar, K."]
[Result "1/2-1/2"]
[WhiteElo "1960"]
[BlackElo "2093"]
[PlyCount "41"]
[EventDate "2014.08.02"]
[EventType "swiss"]
[EventRounds "9"]
[EventCountry "NED"]
[Source "Mark Crowther"]
[SourceDate "2014.08.11"]

1. e4 c6 2. d4 d5 3. exd5 cxd5 4. c4 Nf6 5. Nc3 Nc6 6. Bg5 dxc4 7. Bxc4 h6 8.
Bh4 Qxd4 9. Qxd4 Nxd4 10. O-O-O e5 11. Nf3 Nxf3 12. Bxf6 gxf6 13. Bb5+ Ke7 14.
Nd5+ Kd8 15. gxf3 Bd6 16. Nxf6 Ke7 17. Nd5+ Kf8 18. Nf6 Ke7 19. Nd5+ Kf8 20.
Nf6 Ke7 21. Nd5+ 1/2-1/2

[Event "18th HZ Open 2014"]
[Site "Vlissingen NED"]
[Date "2014.08.08"]
[Round "8.44"]
[White "Haak, E."]
[Black "Reichardt, Jasper"]
[Result "1/2-1/2"]
[WhiteElo "2092"]
[BlackElo "1880"]
[PlyCount "67"]
[EventDate "2014.08.02"]
[EventType "swiss"]
[EventRounds "9"]
[EventCountry "NED"]
[Source "Mark Crowther"]
[SourceDate "2014.08.11"]

1. d4 Nf6 2. c4 c5 3. e3 cxd4 4. exd4 d5 5. Nc3 e6 6. Nf3 Be7 7. Bd3 O-O 8. O-O
dxc4 9. Bxc4 Nbd7 10. Bg5 Nb6 11. Bd3 Nbd5 12. Ne5 Nd7 13. Nxd7 Bxd7 14. Bxe7
Nxe7 15. Qh5 g6 16. Qh6 Bc6 17. Rad1 Qa5 18. Rfe1 Nf5 19. Bxf5 Qxf5 20. Re5 Qf6
21. b4 Rfd8 22. Qe3 Rd7 23. b5 Bd5 24. Nxd5 Rxd5 25. Rxd5 exd5 26. Rc1 Qd6 27.
h4 h5 28. Qe5 Qxe5 29. dxe5 b6 30. Rc7 a6 31. Rd7 axb5 32. Rxd5 Rxa2 33. Rxb5
Ra6 34. f4 1/2-1/2

[Event "18th HZ Open 2014"]
[Site "Vlissingen NED"]
[Date "2014.08.08"]
[Round "8.45"]
[White "Boucquet, Emile"]
[Black "Sinke, W."]
[Result "1/2-1/2"]
[WhiteElo "2081"]
[BlackElo "1877"]
[PlyCount "94"]
[EventDate "2014.08.02"]
[EventType "swiss"]
[EventRounds "9"]
[EventCountry "NED"]
[Source "Mark Crowther"]
[SourceDate "2014.08.11"]

1. d4 d5 2. c4 c6 3. Nc3 Nf6 4. Nf3 Bf5 5. cxd5 Nxd5 6. e3 e6 7. Be2 Bd6 8. O-O
O-O 9. Re1 Nd7 10. Bd2 N7f6 11. Nh4 Ne4 12. Nxf5 Ndxc3 13. bxc3 exf5 14. g3 g6
15. Bf3 h5 16. c4 h4 17. Bg2 hxg3 18. hxg3 Kg7 19. Bxe4 fxe4 20. Bc3 Qg5 21.
Kg2 Rh8 22. f4 exf3+ 23. Qxf3 f6 24. Rab1 b6 25. Rh1 Rae8 26. d5 Rxh1 27. Rxh1
Be5 28. Bxe5 Rxe5 29. dxc6 Rxe3 30. Qf4 Qxf4 31. gxf4 Re6 32. Rd1 Rxc6 33. Rd7+
Kh6 34. Rxa7 Rxc4 35. Kf3 Rc6 36. Ra6 Kh5 37. a4 Rc3+ 38. Ke4 Kg4 39. Rxb6 Rc4+
40. Ke3 Rxf4 41. a5 Ra4 42. Rxf6 g5 43. a6 Kg3 44. Kd3 g4 45. Kc3 Kh2 46. Kb3
Ra1 47. Rf2+ Kh3 1/2-1/2

[Event "18th HZ Open 2014"]
[Site "Vlissingen NED"]
[Date "2014.08.08"]
[Round "8.46"]
[White "Van de Breevaart, Rick"]
[Black "Lentjes, N."]
[Result "0-1"]
[WhiteElo "1957"]
[BlackElo "2073"]
[PlyCount "58"]
[EventDate "2014.08.02"]
[EventType "swiss"]
[EventRounds "9"]
[EventCountry "NED"]
[Source "Mark Crowther"]
[SourceDate "2014.08.11"]

1. e4 c5 2. Nf3 d6 3. Bc4 e6 4. Nc3 Nc6 5. d4 cxd4 6. Nxd4 Nf6 7. f3 Be7 8. Nb3
a6 9. Be3 b5 10. Be2 Rb8 11. a3 Qc7 12. O-O O-O 13. Qd2 Ne5 14. Bf2 Nc4 15. Qc1
Bb7 16. Nd2 Rfd8 17. b3 Nxd2 18. Qxd2 Rbc8 19. Na2 Qxc2 20. Qd3 Qxd3 21. Bxd3
Nd7 22. Rfc1 Bf6 23. Rab1 Nc5 24. Bf1 Nd7 25. a4 Rxc1 26. Rxc1 bxa4 27. bxa4
Nc5 28. Bxc5 dxc5 29. Rxc5 Bd4+ 0-1

[Event "18th HZ Open 2014"]
[Site "Vlissingen NED"]
[Date "2014.08.08"]
[Round "8.48"]
[White "Krasenkova, I."]
[Black "Lobersli, Henrik Oie"]
[Result "0-1"]
[WhiteElo "2063"]
[BlackElo "1839"]
[PlyCount "118"]
[EventDate "2014.08.02"]
[EventType "swiss"]
[EventRounds "9"]
[EventCountry "NED"]
[Source "Mark Crowther"]
[SourceDate "2014.08.11"]

1. e4 e5 2. Nf3 Nc6 3. Bc4 Bc5 4. d3 Nf6 5. Bg5 d6 6. Nc3 h6 7. Bxf6 Qxf6 8.
Nd5 Qd8 9. c3 a6 10. d4 Ba7 11. dxe5 Nxe5 12. Nxe5 dxe5 13. Qh5 O-O 14. O-O c6
15. Ne3 Qg5 16. Qxg5 hxg5 17. Rad1 Re8 18. Rd3 Kf8 19. Rfd1 Bxe3 20. Rxe3 Be6
21. Bxe6 Rxe6 22. Rd7 Re7 23. Red3 Rae8 24. Kf1 f6 25. Ke2 Kf7 26. a4 Rxd7 27.
Rxd7+ Re7 28. Rd8 Ke6 29. Kd3 Rd7+ 30. Rxd7 Kxd7 31. a5 c5 32. Kc4 Kd6 33. b4
cxb4 34. Kxb4 Kc6 35. f3 b6 36. axb6 Kxb6 37. g3 a5+ 38. Kc4 Kc6 39. h3 Kb6 40.
h4 gxh4 41. gxh4 Kc6 42. h5 Kb6 43. Kd5 a4 44. Ke6 a3 45. Kf7 a2 46. Kxg7 a1=Q
47. h6 Qg1+ 48. Kxf6 Qg8 49. Kxe5 Qh8+ 50. Kf5 Qxh6 51. f4 Kc6 52. c4 Kd7 53.
e5 Qe6+ 54. Kg5 Qxc4 55. f5 Qg8+ 56. Kf6 Qh8+ 57. Kg6 Qxe5 58. f6 Ke6 59. Kh7
Kxf6 0-1

[Event "18th HZ Open 2014"]
[Site "Vlissingen NED"]
[Date "2014.08.08"]
[Round "8.49"]
[White "Oude Brunink, E."]
[Black "Ratsma, Rosa"]
[Result "0-1"]
[WhiteElo "1683"]
[BlackElo "2035"]
[PlyCount "70"]
[EventDate "2014.08.02"]
[EventType "swiss"]
[EventRounds "9"]
[EventCountry "NED"]
[Source "Mark Crowther"]
[SourceDate "2014.08.11"]

1. e4 c5 2. Nf3 d6 3. d4 cxd4 4. Nxd4 Nf6 5. Nc3 a6 6. Be3 e5 7. Nf3 Qc7 8. Nd5
Nxd5 9. Qxd5 Be6 10. Qd2 h6 11. Be2 Nd7 12. O-O Be7 13. Ne1 Nf6 14. f3 O-O 15.
c3 Rfd8 16. Nd3 d5 17. exd5 Nxd5 18. Bf2 Nf4 19. Qe3 Nxe2+ 20. Qxe2 Bc4 21.
Rfd1 Qd6 22. Qxe5 Bxd3 23. Qxd6 Bxd6 24. Bb6 Rd7 25. Rxd3 Bxh2+ 26. Kxh2 Rxd3
27. a4 Re8 28. Bd4 Re2 29. b4 Rxf3 30. Rd1 Rf5 31. a5 Rg5 32. Rg1 f5 33. Kh3 f4
34. Rf1 Rexg2 35. Rxf4 R5g3+ 0-1

[Event "18th HZ Open 2014"]
[Site "Vlissingen NED"]
[Date "2014.08.09"]
[Round "9.1"]
[White "Ernst, S."]
[Black "Ikonnikov, Vy"]
[Result "1/2-1/2"]
[WhiteElo "2566"]
[BlackElo "2551"]
[PlyCount "23"]
[EventDate "2014.08.02"]
[EventType "swiss"]
[EventRounds "9"]
[EventCountry "NED"]
[Source "Mark Crowther"]
[SourceDate "2014.08.11"]

1. d4 Nf6 2. c4 e6 3. Nf3 b6 4. e3 Bb7 5. Bd3 Be7 6. O-O O-O 7. Nc3 d5 8. cxd5
exd5 9. b3 Nbd7 10. Bb2 Re8 11. Rc1 a6 12. Qc2 1/2-1/2

[Event "18th HZ Open 2014"]
[Site "Vlissingen NED"]
[Date "2014.08.09"]
[Round "9.2"]
[White "Fedorchuk, S."]
[Black "Ponizil, C."]
[Result "1-0"]
[WhiteElo "2665"]
[BlackElo "2428"]
[PlyCount "81"]
[EventDate "2014.08.02"]
[EventType "swiss"]
[EventRounds "9"]
[EventCountry "NED"]
[Source "Mark Crowther"]
[SourceDate "2014.08.11"]

1. e4 c5 2. Nf3 Nc6 3. Nc3 e5 4. Bc4 Be7 5. d3 d6 6. a3 Nf6 7. h3 O-O 8. O-O a6
9. Bd2 b5 10. Ba2 Be6 11. Nd5 Bxd5 12. exd5 Nd4 13. Nh2 Nf5 14. b4 e4 15. Bf4
Nh4 16. c4 Ng6 17. Be3 exd3 18. f4 cxb4 19. axb4 a5 20. cxb5 axb4 21. Qxd3 Nd7
22. Bc4 Bf6 23. Ra6 Re8 24. Ng4 Bc3 25. Rxd6 Qe7 26. Ra6 Rac8 27. d6 Qe4 28.
Bxf7+ Kf8 29. Qxe4 Rxe4 30. Bd5 Rxe3 31. Nxe3 Bd4 32. Re1 Nxf4 33. Bc6 Nc5 34.
d7 Rd8 35. Kh1 Nxa6 36. bxa6 b3 37. Nf5 Bb6 38. a7 Bxa7 39. Re8+ Kf7 40. Rxd8
b2 41. Be4 1-0

[Event "18th HZ Open 2014"]
[Site "Vlissingen NED"]
[Date "2014.08.09"]
[Round "9.3"]
[White "Ten Hertog, H."]
[Black "Krasenkow, M."]
[Result "0-1"]
[WhiteElo "2356"]
[BlackElo "2628"]
[PlyCount "90"]
[EventDate "2014.08.02"]
[EventType "swiss"]
[EventRounds "9"]
[EventCountry "NED"]
[Source "Mark Crowther"]
[SourceDate "2014.08.11"]

1. c4 e5 2. Nc3 d6 3. g3 g6 4. Bg2 Bg7 5. d3 Nf6 6. b4 O-O 7. Rb1 a6 8. Nf3 c6
9. O-O Nbd7 10. Nd2 Nb6 11. c5 Nbd5 12. Nxd5 Nxd5 13. Ne4 a5 14. b5 dxc5 15.
bxc6 b6 16. Qb3 Be6 17. Ng5 Rb8 18. Nxe6 fxe6 19. Bd2 Kh8 20. Qb5 Qd6 21. Rb3
Rbc8 22. e4 Nb4 23. Qc4 Qxc6 24. Bxb4 cxb4 25. Qxc6 Rxc6 26. Bh3 Bh6 27. Rb2
Rd8 28. Rd1 Bf8 29. f4 Bc5+ 30. Kg2 Bd4 31. Re2 Kg7 32. f5 exf5 33. exf5 g5 34.
Bg4 Kf6 35. h4 Rdc8 36. Rh1 Rc2 37. Kf3 Rxe2 38. hxg5+ Kxg5 39. Rh5+ Kf6 40.
Kxe2 Rc2+ 41. Kf3 Rxa2 42. Rxh7 Rf2+ 43. Ke4 b3 44. Rh6+ Kg7 45. Rg6+ Kh7 0-1

[Event "18th HZ Open 2014"]
[Site "Vlissingen NED"]
[Date "2014.08.09"]
[Round "9.4"]
[White "Pruijssers, R."]
[Black "Hausrath, D."]
[Result "1/2-1/2"]
[WhiteElo "2517"]
[BlackElo "2530"]
[PlyCount "21"]
[EventDate "2014.08.02"]
[EventType "swiss"]
[EventRounds "9"]
[EventCountry "NED"]
[Source "Mark Crowther"]
[SourceDate "2014.08.11"]

1. e4 c5 2. Nf3 Nc6 3. Bb5 Nf6 4. Nc3 g6 5. O-O Bg7 6. Re1 O-O 7. d3 Nd4 8. Ba4
d6 9. h3 Nd7 10. Be3 a6 11. Bxd7 1/2-1/2

[Event "18th HZ Open 2014"]
[Site "Vlissingen NED"]
[Date "2014.08.09"]
[Round "9.5"]
[White "Timmermans, M."]
[Black "Bu Xiangzhi"]
[Result "0-1"]
[WhiteElo "2320"]
[BlackElo "2707"]
[PlyCount "76"]
[EventDate "2014.08.02"]
[EventType "swiss"]
[EventRounds "9"]
[EventCountry "NED"]
[Source "Mark Crowther"]
[SourceDate "2014.08.11"]

1. e4 c5 2. Nf3 Nc6 3. d4 cxd4 4. Nxd4 Nf6 5. Nc3 d6 6. h3 e6 7. g4 d5 8. g5
Nxe4 9. Nxe4 dxe4 10. Nxc6 Qxd1+ 11. Kxd1 bxc6 12. Bg2 Ba6 13. Bxe4 O-O-O+ 14.
Ke1 Kb7 15. Be3 Bc4 16. f3 h6 17. b3 Bd5 18. gxh6 g6 19. Bg5 Re8 20. Bf6 Rxh6
21. c4 Bxe4 22. fxe4 Be7 23. Bxe7 Rxe7 24. Ke2 Rh4 25. Kf3 Rd7 26. Raf1 Kb6 27.
Ke3 Kc5 28. Rd1 Rxd1 29. Rxd1 Rxh3+ 30. Kf4 Rh2 31. Rd7 Rxa2 32. e5 a5 33. Ke4
Re2+ 34. Kd3 Rf2 35. Ra7 Rf3+ 36. Ke4 Rxb3 37. Rxa5+ Kxc4 38. Ra7 Rb1 0-1

[Event "18th HZ Open 2014"]
[Site "Vlissingen NED"]
[Date "2014.08.09"]
[Round "9.6"]
[White "Pucher, S."]
[Black "Van den Doel, E."]
[Result "1/2-1/2"]
[WhiteElo "2293"]
[BlackElo "2554"]
[PlyCount "81"]
[EventDate "2014.08.02"]
[EventType "swiss"]
[EventRounds "9"]
[EventCountry "NED"]
[Source "Mark Crowther"]
[SourceDate "2014.08.11"]

1. Nf3 Nf6 2. c4 e6 3. g3 d5 4. Bg2 dxc4 5. Qa4+ Nbd7 6. O-O a6 7. Qxc4 b5 8.
Qc2 Bb7 9. a4 c5 10. axb5 axb5 11. Rxa8 Qxa8 12. d3 Be7 13. Qb3 Bc6 14. Nc3 O-O
15. Nh4 Nd5 16. Nxd5 Bxd5 17. Qxb5 Bxh4 18. Bxd5 Qxd5 19. gxh4 Rb8 20. Qc4 Qh5
21. f3 Rb4 22. Qa6 Nf8 23. Qd6 h6 24. Qd8 Rxh4 25. Rf2 Ra4 26. Bd2 Ra1+ 27. Rf1
Rxf1+ 28. Kxf1 Qxh2 29. b4 h5 30. bxc5 h4 31. Qg5 Ng6 32. d4 Qc7 33. Kg2 e5 34.
dxe5 Qd7 35. Qe3 Ne7 36. Be1 Ng6 37. Bd2 Qd5 38. Be1 Qc4 39. Bd2 Qd5 40. Be1
Qc4 41. Bd2 1/2-1/2

[Event "18th HZ Open 2014"]
[Site "Vlissingen NED"]
[Date "2014.08.09"]
[Round "9.7"]
[White "De Jong, M."]
[Black "Romanishin, O."]
[Result "1/2-1/2"]
[WhiteElo "2345"]
[BlackElo "2509"]
[PlyCount "65"]
[EventDate "2014.08.02"]
[EventType "swiss"]
[EventRounds "9"]
[EventCountry "NED"]
[Source "Mark Crowther"]
[SourceDate "2014.08.11"]

1. e4 e5 2. Nf3 Nc6 3. Bb5 a6 4. Ba4 Nf6 5. d3 d6 6. c4 Be7 7. Nc3 O-O 8. h3
Na7 9. d4 b5 10. dxe5 bxa4 11. exf6 Bxf6 12. O-O a3 13. Qc2 Nc6 14. b3 Nd4 15.
Nxd4 Bxd4 16. Qd3 c5 17. Be3 Be5 18. Rad1 Bb7 19. Nd5 Re8 20. f4 Bb2 21. Rfe1
a5 22. e5 a4 23. bxa4 dxe5 24. Bxc5 Qa5 25. Bxa3 Bxa3 26. Qxa3 exf4 27. Rxe8+
Rxe8 28. Qf3 Qxa4 29. Kh2 h6 30. Rd4 Qxa2 31. Rxf4 Bxd5 32. Qxd5 Qa7 33. Rd4
1/2-1/2

[Event "18th HZ Open 2014"]
[Site "Vlissingen NED"]
[Date "2014.08.09"]
[Round "9.8"]
[White "Van Foreest, Jorden"]
[Black "Sadikhov, U."]
[Result "1/2-1/2"]
[WhiteElo "2467"]
[BlackElo "2335"]
[PlyCount "67"]
[EventDate "2014.08.02"]
[EventType "swiss"]
[EventRounds "9"]
[EventCountry "NED"]
[Source "Mark Crowther"]
[SourceDate "2014.08.11"]

1. e4 d6 2. d4 Nf6 3. Nc3 e5 4. Nf3 Nbd7 5. Bc4 Be7 6. O-O O-O 7. Re1 a6 8. a4
b6 9. b3 Bb7 10. Bb2 c6 11. d5 Qc7 12. dxc6 Bxc6 13. Ba3 Bb7 14. Nd5 Bxd5 15.
Bxd5 Nxd5 16. Qxd5 Nf6 17. Qd3 b5 18. axb5 axb5 19. Bb4 Rxa1 20. Rxa1 Rc8 21.
c3 Qc6 22. Nd2 Rb8 23. h3 Bf8 24. Qe3 Ra8 25. Rxa8 Qxa8 26. Qd3 Qc6 27. c4 bxc4
28. bxc4 g6 29. Qf3 Nd7 30. Qe3 Nb6 31. Qd3 Bh6 32. Bxd6 Bxd2 33. Qxd2 Nxc4 34.
Qc2 1/2-1/2

[Event "18th HZ Open 2014"]
[Site "Vlissingen NED"]
[Date "2014.08.09"]
[Round "9.9"]
[White "Geirnaert, S."]
[Black "Kevlishvili, Robby"]
[Result "1/2-1/2"]
[WhiteElo "2419"]
[BlackElo "2277"]
[PlyCount "64"]
[EventDate "2014.08.02"]
[EventType "swiss"]
[EventRounds "9"]
[EventCountry "NED"]
[Source "Mark Crowther"]
[SourceDate "2014.08.11"]

1. d4 d5 2. c4 c6 3. Nc3 Nf6 4. Nf3 e6 5. e3 Nbd7 6. Qc2 b6 7. Be2 Bb7 8. O-O
Be7 9. Rd1 O-O 10. e4 dxe4 11. Nxe4 Nxe4 12. Qxe4 Nf6 13. Qh4 Rc8 14. c5 Nd5
15. Qh3 bxc5 16. dxc5 Bf6 17. Bd3 g6 18. Bd2 Qe7 19. Rac1 Bxb2 20. Ng5 h5 21.
Rb1 Be5 22. Bxg6 fxg6 23. Rxb7 Qxb7 24. Qxe6+ Kh8 25. Qxe5+ Qg7 26. Qxg7+ Kxg7
27. Ne6+ Kf6 28. Nxf8 Rxf8 29. Rb1 Rf7 30. f4 Re7 31. Kf2 Re4 32. Rb7 Ra4
1/2-1/2

[Event "18th HZ Open 2014"]
[Site "Vlissingen NED"]
[Date "2014.08.09"]
[Round "9.10"]
[White "Zwirs, Nico"]
[Black "Venkatesh, M."]
[Result "1/2-1/2"]
[WhiteElo "2284"]
[BlackElo "2503"]
[PlyCount "102"]
[EventDate "2014.08.02"]
[EventType "swiss"]
[EventRounds "9"]
[EventCountry "NED"]
[Source "Mark Crowther"]
[SourceDate "2014.08.11"]

1. c4 e5 2. a3 g6 3. d4 Nc6 4. dxe5 Nxe5 5. e3 Bg7 6. Nc3 b6 7. Nf3 Bb7 8. Be2
Ne7 9. O-O O-O 10. Nd5 Nf5 11. Nxe5 Bxe5 12. Bd3 Nd6 13. Qc2 Re8 14. Bd2 b5 15.
f4 Bg7 16. c5 Bxd5 17. cxd6 cxd6 18. Rae1 Rc8 19. Qb1 Qb6 20. Kh1 Bc4 21. b3
Bd5 22. f5 Bb7 23. Rf2 d5 24. Ref1 d4 25. e4 d5 26. e5 Rxe5 27. Qd1 Re4 28.
fxg6 fxg6 29. Qf3 Qe6 30. Bxb5 Bc6 31. Bd3 Rh4 32. Bg5 Rh5 33. Re2 Qd6 34. Qf7+
Kh8 35. Bf4 Qf8 36. Qxf8+ Rxf8 37. Kg1 Bd7 38. Re7 Bg4 39. h3 Bf5 40. Be5 Bxe5
41. Rxe5 Rb8 42. Bxf5 Rxf5 43. Rfxf5 gxf5 44. b4 a5 45. bxa5 Rb5 46. a6 Ra5 47.
Rxf5 d3 48. Kf2 Rxa6 49. Rxd5 Rxa3 50. Ke3 Ra2 51. Rxd3 Rxg2 1/2-1/2

[Event "18th HZ Open 2014"]
[Site "Vlissingen NED"]
[Date "2014.08.09"]
[Round "9.11"]
[White "Afek, Y."]
[Black "Semcesen, D."]
[Result "0-1"]
[WhiteElo "2282"]
[BlackElo "2489"]
[PlyCount "128"]
[EventDate "2014.08.02"]
[EventType "swiss"]
[EventRounds "9"]
[EventCountry "NED"]
[Source "Mark Crowther"]
[SourceDate "2014.08.11"]

1. e4 e5 2. Nf3 Nc6 3. d4 exd4 4. Nxd4 g6 5. Nxc6 bxc6 6. Qd4 Qf6 7. Qxf6 Nxf6
8. Bd3 Bg7 9. Nc3 O-O 10. Bd2 Re8 11. f3 d6 12. O-O-O Nd7 13. Rhe1 h6 14. Ne2
Ne5 15. Bc3 Rb8 16. f4 Nxd3+ 17. cxd3 f6 18. h3 h5 19. Kc2 Bd7 20. Ng3 c5 21.
b3 Bc6 22. Nf1 h4 23. g3 f5 24. exf5 gxf5 25. Bxg7 Kxg7 26. gxh4 Kf6 27. Ng3
Rh8 28. h5 Bf3 29. Rd2 Rbg8 30. Rg1 Rg7 31. Rf2 Bd5 32. Re2 a5 33. Kc3 Rgg8 34.
Re3 a4 35. bxa4 Ra8 36. Ne2 Rxh5 37. Kd2 Bxa2 38. Ra1 Bd5 39. a5 Rhh8 40. Nc3
Bf7 41. Kc2 Rhb8 42. Ree1 Rb4 43. Rf1 Ra6 44. h4 d5 45. h5 d4 46. Ne2 Rb5 47.
h6 Rbxa5 48. Rxa5 Rxa5 49. Rh1 Ra8 50. Nc1 c4 51. h7 Kg7 52. dxc4 Bxc4 53. Nb3
d3+ 54. Kc3 Bxb3 55. Kxb3 Kh8 56. Kc3 Rd8 57. Kd2 Rd5 58. Rh3 c6 59. Rh6 c5 60.
Rh1 Rd4 61. Rh5 c4 62. Rh1 Rxf4 63. Kc3 Re4 64. Rh5 Re2 0-1

[Event "18th HZ Open 2014"]
[Site "Vlissingen NED"]
[Date "2014.08.09"]
[Round "9.12"]
[White "Ducarmon, Q."]
[Black "Sanders, I."]
[Result "1-0"]
[WhiteElo "2479"]
[BlackElo "2282"]
[PlyCount "91"]
[EventDate "2014.08.02"]
[EventType "swiss"]
[EventRounds "9"]
[EventCountry "NED"]
[Source "Mark Crowther"]
[SourceDate "2014.08.11"]

1. e4 e6 2. d4 d5 3. Nd2 Nc6 4. Ngf3 Nf6 5. e5 Nd7 6. c4 Nb6 7. a3 dxc4 8. Nxc4
Be7 9. Nxb6 axb6 10. Be3 O-O 11. Bd3 f5 12. exf6 Bxf6 13. O-O e5 14. dxe5 Nxe5
15. Nxe5 Bxe5 16. Bxh7+ Kxh7 17. Qh5+ Kg8 18. Qxe5 Ra5 19. Qg3 Rd5 20. Rac1 Rf7
21. Rfe1 Bf5 22. Bg5 Qd7 23. h3 c6 24. Rc3 Rd1 25. Rce3 Rxe1+ 26. Rxe1 b5 27.
Re5 Be6 28. Qe3 Bd5 29. b4 Qd6 30. Re8+ Rf8 31. Qe7 Qxe7 32. Rxe7 Rf7 33. g4
Rxe7 34. Bxe7 b6 35. Bd8 c5 36. Bxb6 cxb4 37. axb4 Kf7 38. Kh2 Bc4 39. Kg3 Bf1
40. h4 Be2 41. h5 Bd1 42. f4 Be2 43. Bd4 Bd1 44. Kh4 Be2 45. f5 Bd1 46. g5 1-0